Economic development and transformation of traditional social relations : A case study of the Viswakarma blacksmith and carpenter caste of Orissa, India (Record no. 13035)

MARC details
000 -LEADER
fixed length control field 00557nam a2200169Ia 4500
082 ## - DEWEY DECIMAL CLASSIFICATION NUMBER
Classification number TL.0049
100 ## - MAIN ENTRY--AUTHOR NAME
Personal name Lerche, Jens
245 #0 - TITLE STATEMENT
Title Economic development and transformation of traditional social relations : A case study of the Viswakarma blacksmith and carpenter caste of Orissa, India
260 ## - PUBLICATION, DISTRIBUTION, ETC. (IMPRINT)
Year of publication 1991
Name of publisher University of Copenhagen
300 ## - PHYSICAL DESCRIPTION
Number of Pages 210p.
650 ## - SUBJECT ADDED ENTRY--TOPICAL TERM
Topical Term BLACKSMITHS - ORISSA
650 ## - SUBJECT ADDED ENTRY--TOPICAL TERM
Topical Term OCCUPATIONS - ORISSA
650 ## - SUBJECT ADDED ENTRY--TOPICAL TERM
Topical Term SOCIAL CLASSES - ORISSA
650 ## - SUBJECT ADDED ENTRY--TOPICAL TERM
Topical Term CARPENTERS - ORISSA
710 ## - ADDED ENTRY--CORPORATE NAME
Corporate name or jurisdiction name as entry element Westergaard, Kirsten
942 ## - ADDED ENTRY ELEMENTS (KOHA)
Koha item type Thesis
Source of classification or shelving scheme Dewey Decimal Classification
Holdings
Withdrawn status Lost status Damaged status Not for loan Home library Current library Date acquired Bill Date Full call number Accession Number Price effective from Koha item type
        NASSDOC Library NASSDOC Library 08/10/2004 2008-12-30 TL.0049 32487 18/04/2019 Thesis